Ostfriesische Dörfer - Statistiken

Allgemein
  • Dieses Quiz wurde 27 mal gespielt
  • Das Durchschnittsergebnis liegt bei 4 aus 13
Answers on the Grid
Answers color-coded by a green-red scale on the quiz's grid according to % correct below.
Ardorf
Oldersum
Kaltenhof
Pilsum
Uttum
Upschört
Lohne
Vrasselt
Neuschoo
Kleinau
Loope
Lünten
Kleinsander
Häven
Berumerfehn
Ahlbusch
Hinrichsfehn
Großoldendorf
Garvensdorf
Thürk
Tating
Neuscharrel
Mullberg
Neukollm
Firrel
Plohn
Oekoven
Friederiekensiel
Wankum
Achterhoek
 
Antwortstatistiken
Antwort % Korrekt
Oldersum
65%
Pilsum
65%
Großoldendorf
39%
Friederiekensiel
35%
Berumerfehn
30%
Hinrichsfehn
30%
Firrel
26%
Uttum
26%
Ardorf
17%
Neuschoo
17%
Kleinsander
13%
Upschört
9%
Mullberg
4%
Keine übereinstimmenden Quizze gefunden
Verteilung der Resultate
Anzahl Personen mit jedem Resultat
Perzentil nach korrekt beantworteten Fragen
Ihre Resultats-Entwicklung
Sie haben dieses Quiz noch nicht gespielt